000 00965nam a22002417a 4500
001 7059
003 FISKH
005 20250619143525.0
008 250619b cb ||||| |||| 00| 0 eng d
020 _a9788183883085
040 _aFISKH
_beng
_cFISKH
_dFISKH
050 _aPZ7
082 _a625
100 _aAnonymous
245 _aMy pre-school book of vehicles /
260 _aChennai, Spiders Book,
300 _a8 unnumbered pages ;
_bcolor illustrations ;
_c25 cm
505 _aNP
520 _aMy Pre-school Book of Vehicles is a colorful, sturdy board book designed to introduce young children to a variety of vehicles they may see in everyday life. From cars and trucks to airplanes and boats, each page features bright illustrations and simple labels that help toddlers build early vocabulary and recognition skills.
650 _aVehicles First words
_vTransportation
_x Board book
_y Vocabulary
942 _2ddc
_cBK
_n0
999 _c7059
_d7059